00922 2200325 4500001002100000005001500021035002000036007000300056040001600059100003000075245007500105250001200180300003500192504002400227020002100251041000800272082001300280084001900293090002500312264003700337336002100374337003000395338002300425650001200448700004200460850001000502008004100512990002200553990002100575INLIS00000000000741120260602025923 a0010-0822000385ta aSBUPADbind0 aReva DivantariePengarang1 aAneka Resep Kopi Maknyus /cReva Divantari; editor, Intan Dewi Nuraini a.-cet.1 avi, 60 hlm :bilus ;c14x21 cm abibliografi, hlm 57 a978-602-1135-2-207aind a641.3373 a641.3373 REV a a641.3373 REV a L20-7 a.--Jakarta :bPedar Kindy,c2016 2rdacontentateks 2rdamediaatanpa perantara 2rdacarrieravolume 4aMinuman0 aeditor, Intan Dewi NurainiePengarang aPUPAD260602 0  a24.663/H/DPK/2017 a24.662/H/DPK2017